| 000 | 00890 a2200253 4500 | ||
|---|---|---|---|
| 003 | Nust | ||
| 005 | 20230130140258.0 | ||
| 010 | _a 91134656 | ||
| 020 | _a0450430057 : | ||
| 040 | _cNust | ||
| 082 | _a920,WRI | ||
| 100 | 1 |
_a Wright ,pete _9108086 |
|
| 245 | 1 | 4 |
_aThe Spycatcher affair : _b The Candid Autobiography of a Senior Intelligence Officer / _c Peter Wright |
| 250 | _aRev. pbk. ed. | ||
| 260 |
_aLondon : _bSidgwick & Jackson, _c1991: |
||
| 300 |
_a 392p., [8] p. of plates : _bill. ; _c18 cm. |
||
| 600 | 1 | 0 |
_aWright, Peter, _d1916- _tSpycatcher. _9108087 |
| 600 | 1 | 0 |
_aWright, Peter, _d1916- _xTrials, litigation, etc. _9108088 |
| 610 | 1 | 0 |
_aGreat Britain. _bMI5 _xHistory. _9108089 |
| 650 | 0 |
_a Autobiography _xHistory. _9108090 |
|
| 650 | 0 |
_aIntelligence officers _zGreat Britain _xHistory. _9108091 |
|
| 650 | 0 |
_aTrials (Treason) _zEngland _zLondon. _9108092 |
|
| 942 |
_2ddc _cBK |
||
| 999 |
_c181148 _d181148 |
||